000 00229nam a22000857a 4500
008 160718b xxu||||| |||| 00| 0 eng d
100 _92992
_a Pooranmal
245 _aGlobal Mathematics
260 _aNEW DELHI
_b Angel International
_c2004
999 _c2555
_d2555